| 000 | 00419nam a2200145 a 4500 | ||
|---|---|---|---|
| 001 | 3795 | ||
| 003 | CDMR | ||
| 005 | 20130116135249.0 | ||
| 008 | 130130s2003||||||||||||||||||||||||||||d | ||
| 040 |
_aCDMR _bcat _cCDMR |
||
| 111 | 2 |
_aIPI World Congress and General Assembly _cSalzburg _d2003 _n52ena _92684 |
|
| 245 | 1 | 0 | _a[Ponències i comunicacions] |
| 260 |
_aSalzburg _c2003 _bInternational Press Institute (IPI) |
||
| 942 | _cMON | ||
| 999 |
_c3795 _d3795 |
||